000 00830nem a22002297a 4500
005 20200104041740.0
008 160422b1989 ck ||||| |a|| 00| 0 spa d
040 _aCO-BoIAVH
_cCO-BoIAVH
041 _aspa
044 _ack
090 _aMC-
_b0032
110 1 _aInstituto de Investigación de Recursos Biológicos Alexander von Humboldt.
_9204
245 1 _aMapa de bosques de la serrania de los farallones caracterización biológica de las serranía de los farallones
_h[Material cartografico]
255 _a1:250000
260 _aBogotá
_bInstituto de Investigación de Recursos Biológicos Alexander von Humboldt.
_c1989
300 _a1 mapa
_bColor
_c34 x 29 cm
650 4 _aAreas deforestadas
_966524
650 4 _aParamo
_970194
650 4 _aFarallones
_966526
650 4 _aBosques
_970195
942 _2z
_cLIBRO
999 _c18337
_d18337